• 首页
  • 本馆介绍
  • 公告通知
  • 最新文献
  • 馆藏检索
  • 电子资源
  • 读者导购
  • 参考咨询
  • 我的图书馆
  • 登录
  • 详细信息显示
  • 放入我的书架
  • 预约/预借图书
  • 作者相关作品
  • 分类相关作品
  • 丛书相关作品
  • 出版社相关作品

书目信息

  • 表格格式
  • 工作单格式
  • 卡片格式
题名:
汉语文古籍机读目录格式使用手册
    
 
作者: 鲍国强 , 程有庆 主编 ;中国国家图书馆 编
分册:  
出版信息: 北京   北京图书馆出版社  2001
页数: 198页
开本: 26cm
丛书名:
单 册:
中图分类: G254.364-62
科图分类:
主题词: CT--S026885--古籍 , CT--S035180--机器可读目录 , 古籍--机器可读目录--编目规则--中国--手册 , CT--S003733--编目规则
电子资源:
ISBN: 7-5013-1841-7
000 01111nam0 2200289 45
001 012002000525
005 20070729101650.50
010    @a7-5013-1841-7@dCNY50.00
100    @a20011229d2001 kemy0chiy0110 ea
101 0  @achi
102    @aCN@b110000
105    @ay z 000yy
200 1  @a汉语文古籍机读目录格式使用手册@Ahan yu wen gu ji ji du mu lu ge shi shi yong shou ce@f鲍国强,程有庆主编@g中国国家图书馆编
210    @a北京@c北京图书馆出版社@d2001
215    @a198页@d26cm
330    @a本手册主要根据文献著录的基本原则和古籍编目的实践和经验,选用了合适于汉语文古籍的字段和子字段,并有内容说明和应用实例以便参照使用。
510 1  @aMARC Format Manual for Chinese Antiquarian Books@zeng
606 0  @2CT@3S026885@a古籍
606 0  @2CT@3S035180@a机器可读目录
606 0  @a古籍@x机器可读目录@x编目规则@y中国@j手册
606 0  @2CT@3S003733@a编目规则
690    @aG254.364-62@v4
701  0 @a鲍国强@Abao guo qiang@4主编
701  0 @a程有庆@Acheng you qing@4主编
712 02 @a中国国家图书馆@Azhong guo guo jia tu shu guan@4编
801  0 @aCN@bNLC@c20070729
905    @a10447@dG254.364-62@e113
    
    汉语文古籍机读目录格式使用手册/鲍国强,程有庆主编/中国国家图书馆编.-北京:北京图书馆出版社,2001
    198页;26cm
    
    
    ISBN 7-5013-1841-7:CNY50.00
    本手册主要根据文献著录的基本原则和古籍编目的实践和经验,选用了合适于汉语文古籍的字段和子字段,并有内容说明和应用实例以便参照使用。
●
相关链接 在E读中查询图书 在五车中查询图书 在当当中查询图书 在豆瓣中查询图书


正题名:汉语文古籍机读目录格式使用手册     索取号:G254.364-62/113         预约/预借

序号 登录号 条形码 馆藏地/架位号 状态 备注
1 0784966   207849667   第四借阅区/ [索取号:G254.364-62/113] 在馆    
2 0785220   207852206   第一样本阅览室/ [索取号:G254.364-62/113] 在馆    
3 0785221   207852215   第四借阅区/ [索取号:G254.364-62/113] 在馆    
唐山师范学院图书馆 欢迎您!
大连网信软件有限公司© 版权所有